LIBRARY & INFORMATION CENTRE, KCAET, TAVANUR

ONLINE PUBLIC ACCESS CATALOGUE (OPAC)

Secretarial Practice in India / (Record no. 776)

MARC details
000 -LEADER
fixed length control field 00388cam a2200157ua 4500
041 ## - LANGUAGE CODE
Language code of text/sound track or separate title eng
082 ## - DEWEY DECIMAL CLASSIFICATION NUMBER
Classification number 657.2
Item number BAH/SE
100 ## - MAIN ENTRY--AUTHOR NAME
Personal name Bahl, J.C .
245 ## - TITLE STATEMENT
Title Secretarial Practice in India /
250 ## - EDITION STATEMENT
Edition statement 7 /
260 ## - PUBLICATION, DISTRIBUTION, ETC. (IMPRINT)
Place of publication Bombay :
Name of publisher N.N.Tripathi private limited ,
Year of publication 1964.
300 ## - PHYSICAL DESCRIPTION
Number of Pages 714 ; .
942 ## - ADDED ENTRY ELEMENTS (KOHA)
Koha item type Books
Holdings
Withdrawn status Lost status Damaged status Home library Current library Date acquired Full call number Accession Number Koha item type
      KAUAET KAUAET 07/04/2012 657.2 BAH/SE 9852 Books
free website counter